000 01324nam a2200325 i 4500
003 EG-GICUC
005 20260121101337.0
008 251123s1992 ua ||||fr|||| 001 0 ara d
017 _a1992/1690
020 _a9775052017
040 _a EG-GICUC
_bara
_c EG-GICUC
_d EG-GICUC
_erda
041 _aara
082 0 4 _a343.421
_bم ج . م
_221
092 0 4 _221
099 _aLaw1 10 343.421 م ج . م 1992 1006091
100 0 _aرؤوف عبيد.
_eمؤلف.
245 1 2 _aالمشكلات الإجرائية الهامة في قضايا المخدرات :
_bالتلبس-القبض-التفتيش-تسبيب الأحكام في ضوء الفقه وأحكام النقض من عام 1931-1991 /
_cتأليف الدكتور مجدي محب حافظ.
264 1 _aالقاهرة :
_bالمكتبة القانونية،
_c1992.
300 _a386 صفحة ؛
_c24 سم.
336 _2rda content
_atext
337 _2rda media
_aComputer
338 _2rda carrier
_aOnline Resource
504 _aيشتمل على ارجاعات ببليوجرافية.
546 _aالنص باللغة العربية
650 1 _a التشريعات المتعلقة بالمخدرات.
_2qrmak
651 1 _2qrmak
856 4 0 _uhttps://fll.law.cu.edu.eg/fulltext/bks/B10-06091.pdf
905 _a18
942 _2ddc
_n0
_cBK
_e21
999 _c45654
_d45654